Bugrinho : (Record no. 1516)

MARC details
000 -LÍDER
Campo Fixo de Controle 00772nam a2200229 a 4500
001 - NÚMERO DE CONTROLE
Campo de Controle 1516
003 - IDENTIFICAÇÃO DO NÚMERO DE CONTROLE
Campo de Controle BR-CuiBMT
005 - DATA E HORA DA ÚLTIMA ATUALIZAÇÃO
Campo de Controle 20231213213044.0
008 - DADOS FIXOS
Dados Fixos 231205s2008 mtba 000 0 por d
020 ## - INTERNATIONAL STANDARD BOOK NUMBER
Nº do ISBN 9788587226808
040 ## - AGÊNCIA CATALOGADORA
Código da Agência Catalogadora BR-CuiBMT
Agência que transcreveu o registro BR-CuiBMT
080 ## - Nº DA CLASSIFICAÇÃO DECIMAL UNIVERSAL
Nº Class. CDU 929:82
Subd. Auxiliar Comum (817.2)
Nº edição CDU 2007
090 ## - NÚMERO DE CHAMADA
Nº classificação 929:82(817.2)
Cutter F866b
100 1# - ENTRADA PRINCIPAL -- AUTOR PESSOAL
Nome pessoal Freire, Daniela
245 10 - TÍTULO PRINCIPAL
Título principal Bugrinho :
Subtítulo que menino é esse ?
Indicação de responsabilidade Daniela Freire ; ilustrado por Marcelo Velasco.
260 ## - PUBLICAÇÃO, DISTRIBUIÇÃO, ETC.
Local de publicação Cuiabá :
Editora Entrelinhas,
Data 2008.
300 ## - DESCRIÇÃO FÍSICA
N. páginas ou volumes 63 p. :
Ilustrações il., color. ;
Dimensões 27 cm
600 1# - ASSUNTO -- NOME PESSOAL
Nome pessoal Freire, Silva,
Datas associadas ao nome 1928-1991
Títulos e outras palavras associadas ao nome Literatura infantojuvenil
650 ## - ASSUNTO TÓPICO
Cabeçalho tópico ou nome geográfico Poetas brasileiros
Subdivisão geral Biografia
-- Literatura infantojuvenil
Subdivisão geográfica Mato Grosso
650 ## - ASSUNTO TÓPICO
Cabeçalho tópico ou nome geográfico Escritores mato-grossenses
Subdivisão geral Biografia
942 ## - ELEMENTOS DE ENTRADA ADICIONAIS (KOHA)
Fonte de classificação ou esquema de arquivamento Classificação Decimal Universal
Tipo de item do Koha Livros
Holdings
Estado: removido Estado: perdido Fonte de classificação ou esquema de arquivamento Estado: danificado Indisponível para empréstimo Localização permanente Localização atual Data de aquisição Total Checkouts Número de Chamada completo Código de barras Date last seen Número do exemplar Preço efetivo a partir de Tipo de item (Koha)
    Classificação Decimal Universal     Biblioteca da Escola Superior de Contas do TCE/MT Biblioteca da Escola Superior de Contas do TCE/MT 13/12/2023   929:82(817.2) F866b BIBTCEMT23120440 13/12/2023 Ex. 1 13/12/2023 Livros
    Classificação Decimal Universal     Biblioteca da Escola Superior de Contas do TCE/MT Biblioteca da Escola Superior de Contas do TCE/MT 13/12/2023   929:82(817.2) F866b BIBTCEMT23120441 13/12/2023 Ex. 2 13/12/2023 Livros

Powered by Koha